{"text_format":"3","workbook":"xlsx","n_sheets":1,"sheets":["Sheet1"],"read":"whole","date_system":"1900"}

{"sheet":"Sheet1","index":0,"n_rows":18,"n_cols":12,"rows_kept":18,"merged":[[0,0,0,11],[17,0,17,6]]}
["桥梁专项工程"]
["子目号","子  目  名  称","单位",null,"单价",null,"数量","清单合计价","清单下浮3%合计价",null,"单价限价控制价\n（不含税；元/单位）","合计（元）"]
["405-4","桥梁锥坡、圬工修复",{"$nulls":5},"清单合计价","清单下浮3%合计价"]
["-a","M7.5砂浆勾缝","m2","1.000","32.30",{"$f":"E4*D4","v":32.3},50,{"$f":"G4*E4","v":{"v":1615,"d":"1615.00"}},{"$f":"H4*0.97","v":1566.55},{"$f":"E4*0.99*0.95/1.09","v":{"v":27.8698623853211,"d":"27.87"}},27.84,{"$f":"K4*G4","v":{"v":1392,"d":"1392.00"}}]
["405-6","混凝土破损修补",{"$nulls":7},{"v":0,"d":"0.00"}]
["-a","环氧砂浆修补","m2","1.000","249.53","249.53",5.35,{"v":1334.9855,"d":"1334.99"},{"v":1294.935935,"d":"1294.94"},{"v":215.305472477064,"d":"215.31"},215.31,{"v":1151.9085,"d":"1151.91"}]
["405-7","裂缝修补",{"$nulls":7},{"v":0,"d":"0.00"}]
["-a","桥梁裂缝封缝（0.15mm以内，密封胶）","m","1.000",70,70,290.6,{"v":20342,"d":"20342.00"},19731.74,{"v":60.3990825688073,"d":"60.40"},60.4,17552.24]
["-b","桥梁裂缝灌缝（0.15mm以上，密封胶）","m","1.000",140,140,309.9,{"v":43386,"d":"43386.00"},42084.42,{"v":120.798165137615,"d":"120.80"},120.8,37435.92]
["405-11","支座更换、维护、脱空处理",{"$nulls":7},{"v":0,"d":"0.00"}]
["-c","支座脱空处理","个","1.000",1360,1250,4,{"$f":"G11*E11","v":{"v":5440,"d":"5440.00"}},{"$f":"H11*0.97","v":{"v":5276.8,"d":"5276.80"}},{"v":1173.46788990826,"d":"1173.47"},1173.49,4693.96]
["-e","更换四氟滑板式橡胶支座","dm3","1.000","111.29","111.29",32,3561.28,{"v":3454.4416,"d":"3454.44"},{"v":96.0259128440367,"d":"96.03"},96.02,3072.64]
["405-12","桥梁同步顶升（一跨内单侧）","半幅.跨","1.000",22700,20870,{"$f":"31","v":31},{"v":703700,"d":"703700.00"},{"v":682589,"d":"682589.00"},{"v":19586.5596330275,"d":"19586.56"},19586.56,607183.36]
["417-2","伸缩缝",{"$nulls":7},{"v":0,"d":"0.00"}]
["-j","伸缩缝C50钢纤混凝土修补","m3","1.000","1666.05","1666.05",11.52,{"$f":"G15*E15","v":{"v":19192.896,"d":"19192.90"}},{"$f":"H15*0.97","v":{"v":18617.10912,"d":"18617.11"}},{"v":1437.54130733945,"d":"1437.54"},1390.54,{"v":16019.0208,"d":"16019.02"}]
["-m","更换伸缩缝止水带橡胶封条","m","1.000",264,264,468,{"v":123552,"d":"123552.00"},119845.44,{"v":227.790825688073,"d":"227.79"},227.79,106605.72]
["-g","更换160mm梳齿板式伸缩缝(含混凝土的切割)","m","1.000","3585.96","3585.96",72,258189.12,{"v":250443.4464,"d":"250443.45"},{"v":3094.12420183486,"d":"3094.12"},3094.14,222778.08]
["合计（不含税；元）",{"$nulls":6},{"$f":"SUM(H4:H17)","v":{"v":1180313.2815,"d":"1180313.28"}},{"v":1144903.883055,"d":"1144903.88"},null,null,{"v":1017884.8493,"d":"1017884.85"}]